Tendencias e innovaciones en los estudios históricos en Panamá /
Salvato in:
| Autore principale: | |
|---|---|
| Natura: | testo |
| Tags: |
Aggiungi Tag
Nessun Tag, puoi essere il primo ad aggiungerne!!
|
MARC
| LEADER | 00000 a a2200000 04500 | ||
|---|---|---|---|
| 001 | 45669 | ||
| 003 | |||
| 040 | |||
| 100 | |a Aparicio, Fernando | ||
| 245 | |a Tendencias e innovaciones en los estudios históricos en Panamá / |c Fernando Aparicio | ||
| 773 | |g número501 ( , 2012), páginas 6-21 | ||
| 999 | |c 30817 |d 30817 | ||
